| 000 | 01092cam a2200313 a 4500 | ||
|---|---|---|---|
| 999 |
_c17711 _d17711 |
||
| 001 | 636489 | ||
| 003 | BDDh-ASL | ||
| 005 | 20231015025629.0 | ||
| 008 | 931014s1995 nyu b s001 0 eng | ||
| 010 | _a 93041538 | ||
| 020 | _a0791420256 | ||
| 040 |
_aDLC _cDLC _dBDDh-ASL |
||
| 043 | _aa-ii--- | ||
| 050 | 0 | 0 |
_aBL1151.3 _b.B46 1995 |
| 082 | 0 | 0 |
_a294.50954 _220 _bBHA |
| 245 | 0 | 0 |
_aBhakti religion in North India : _bcommunity identity and political action / _cedited by David N. Lorenzen. |
| 260 |
_aAlbany : _bState University of New York Press, _cc1995. |
||
| 300 |
_ax, 331 p. ; _c24 cm. |
||
| 440 | 0 | _aSUNY series in religious studies | |
| 504 | _aIncludes bibliographical references and index. | ||
| 650 | 0 |
_aHinduism _xSocial aspects. |
|
| 650 | 0 |
_aSikhism _xSocial aspects. |
|
| 650 | 0 | _aBhakti. | |
| 650 | 0 |
_aReligion and politics _zIndia. |
|
| 700 | 1 | _aLorenzen, David N. | |
| 906 |
_a7 _bcbc _corignew _d1 _eocip _f19 _gy-gencatlg |
||
| 942 |
_2ddc _cBK |
||